000 01056nam a22003737a 4500
001 BR8503631
003 BR-BrBNA
005 20230928092211.0
007 ta
008 230509b bl.||||| |||| 00| 0 por d
040 _aBR-BrBNA
_bpor
_cBiblioteca Nacional de Agricultura
041 _a(Por)
072 _aE11; P32; P40
_b/G514
_bGG60
090 _ E11 BR8503631
100 1 _aCochrane, T.T.
100 1 _aSanchez, L.G.
100 1 _aAzevedo, L.G. de
100 1 _aPorras, J.A.
100 1 _aGarver, C.L.
110 1 _aCentro Internacional de Agricultura Tropical, Cali (Colombia);
_91696
110 1 _aCentro de Pesquisa Agropecuaria dos Cerrados, Planaltina, DF (Brasil)
245 1 _aLand in Tropical America
260 3 _aCali (Colombia):
_c1985.
300 _av. 2, pt. 1-2
500 _a36 Maps, scale 1:5,000.000
650 _aSOLO
650 _aCLIMA
650 _aUSO DA TERRA
650 _aAPTIDAO AGRICOLA
650 _aPERFIL DO SOLO
650 _aAMAZONIA
909 _a202309
_bLucia
_c55
_dLucia Elande
942 _cBK
999 _c37660
_d37660